<?xml version="1.0" encoding="UTF-8"?>
<record
    xmlns:xsi="http://www.w3.org/2001/XMLSchema-instance"
    xsi:schemaLocation="http://www.loc.gov/MARC21/slim http://www.loc.gov/standards/marcxml/schema/MARC21slim.xsd"
    xmlns="http://www.loc.gov/MARC21/slim">

  <leader>00353nam a2200133Ia 4500</leader>
  <controlfield tag="008">260604s9999    xx            000 0 und d</controlfield>
  <datafield tag="020" ind1=" " ind2=" ">
    <subfield code="a">9781009282550</subfield>
  </datafield>
  <datafield tag="082" ind1=" " ind2=" ">
    <subfield code="a">320.6 OLI</subfield>
  </datafield>
  <datafield tag="100" ind1=" " ind2=" ">
    <subfield code="a">OLIVER [ADAM]</subfield>
    <subfield code="9">35643</subfield>
  </datafield>
  <datafield tag="245" ind1=" " ind2="0">
    <subfield code="a">POLITICAL ECONOMY OF BEHAVIOURAL PUBIC POLICY</subfield>
  </datafield>
  <datafield tag="260" ind1=" " ind2=" ">
    <subfield code="b">CAMBRIDGE UNIVERSITY PRESS</subfield>
  </datafield>
  <datafield tag="500" ind1=" " ind2=" ">
    <subfield code="a">Public Policy</subfield>
  </datafield>
  <datafield tag="942" ind1=" " ind2=" ">
    <subfield code="c">BK</subfield>
  </datafield>
  <datafield tag="952" ind1=" " ind2=" ">
    <subfield code="0">0</subfield>
    <subfield code="1">0</subfield>
    <subfield code="4">0</subfield>
    <subfield code="7">0</subfield>
    <subfield code="a">IIMV</subfield>
    <subfield code="b">IIMV</subfield>
    <subfield code="c">GENERAL</subfield>
    <subfield code="d">2026-06-04</subfield>
    <subfield code="g">2805.36</subfield>
    <subfield code="l">0</subfield>
    <subfield code="o">320.6 OLI</subfield>
    <subfield code="p">004085</subfield>
    <subfield code="r">2026-06-04 10:20:23</subfield>
    <subfield code="v">2805.36</subfield>
    <subfield code="w">2026-06-04</subfield>
    <subfield code="y">BK</subfield>
    <subfield code="B">OLI</subfield>
  </datafield>
  <datafield tag="999" ind1=" " ind2=" ">
    <subfield code="c">8467</subfield>
    <subfield code="d">8467</subfield>
  </datafield>
</record>
